Sachsen-Quiz A-Z - Statistiken

Allgemein
  • Dieses Quiz wurde 113 mal gespielt
  • Das Durchschnittsergebnis liegt bei 19 aus 26
Antwortstatistiken
Frage Antwort % Korrekt
D Landeshauptstadt mit Zwinger und Frauenkirche Dresden
99%
E Längster Fluss des Landes, welcher auch durch die Landeshauptstadt fließt Elbe
98%
L Größte Stadt des Landes mit Buchmesse und Gewandhausorchester Leipzig
96%
X Ehemaliger Name von Chemnitz zu DDR-Zeiten (enthält ein x) Karl-Marx-Stadt
94%
N Grenzfluss zu Polen Neiße
93%
M Kreisstadt mit Dom und Albrechtsburg, bekannt für Porzellanproduktion Meissen
92%
U Radioaktives Metall, welches durch die Firma Wismut im Erzgebirge abgebaut wurde Uran
90%
G Kreisstadt an der polnischen Grenze, beliebte Filmkulisse Görlitz
89%
Y Sächsischer Schriftsteller, Erfinder von Winnetou (enthält ein y) Karl May
88%
Z Viertgrößte Stadt Sachsens bei Chemnitz Zwickau
86%
J Barock-Komponist, welcher von 1723–1750 in der Thomaskirche in #L wirkte (gesucht nach Vornamen) Johann Sebastian Bach
83%
R Vorstadt der Landeshauptstadt, bekannt für das dort gebraute Bier Radeberg
82%
B Kreisstadt in Ostsachsen an der Spree, kulturelles Zentrum der Sorben Bautzen
81%
F Kreisstadt des Kreises Mittelsachsen im Erzgebirge Freiberg
74%
V Region und Landkreis im Westen Sachsens Vogtland
73%
A Kurfürst von Sachsen, der 1697 König von Polen-Litauen wurde und die Landeshauptstadt barock ausbauen ließ August der Starke
72%
P Kreisstadt in der Sächsischen Schweiz an der #E Pirna
72%
C Sächsische Spezialität: Süßes Brot mit Rosinen und Marzipan, welches zur Weihnachtszeit gegessen wird Christstollen
67%
Q Versandhandelskonzern, welcher in #L ein großes Versandzentrum betrieb Quelle
58%
S Ehemaliger Fußballer aus #D, gewann mit Dynamo 2x die Meisterschaft und später mit Stuttgart und dem BVB 3x die Meisterschaft, sowie mit dem BVB die Champions League und den Ballon d’Or Matthias Sammer
53%
I Sachsen war ein deutsches Zentrums dieses historischen Prozesses, in dem seit dem 18. Jahrhundert die wirtschaftliche Produktion revolutioniert wurde Industrialisierung
51%
H Stadt in Ostsachsen im Landkreis #B Hoyerswerda
50%
O Bezeichnung einer Region in Ostsachsen und Polen Oberlausitz
48%
T Ministerpräsident (CDU) von 2008 bis 2017 Stanislaw Tillich
32%
W Adelsgeschlecht, welches vom 12. bis ins 20. Jahrhunder die Monarchen Sachsen stellte Wettiner
30%
K Deftiges Eintopfgericht, häufig mit Wursteinlage Kartoffelsuppe
24%
Keine übereinstimmenden Quizze gefunden
Verteilung der Resultate
Anzahl Personen mit jedem Resultat
Perzentil nach korrekt beantworteten Fragen
Ihre Resultats-Entwicklung
Sie haben dieses Quiz noch nicht gespielt